000 00367nam a2200157Ia 4500
008 230711s9999||||xx |||||||||||||| ||und||
041 _aENG
082 _a720
_bFI-S
100 _aFishburn,Angela
245 0 _aSoft furnishings for the bedroom
250 _a1st
260 _c1988
_aLodnon
_bBT Batsford Ltd
300 _a143
650 _aArchitecture
942 _cBK
999 _c1644
_d1644